=LDR 00000nam 2200000 4500 =001 INLIS000000000031571 =005 20130612133633 =008 ***********************************ind** =035 ##$$a0010-061300000031571 =041 ##$$a ind =082 ##$$a 808.83 =090 ##$$a 808.83, Har, g =100 ##$$a Hariadi, Langit Kresna =245 ##$$a Gajah Mada , Madakaripura Hamukti Moksa , Langit Kresna Hariadi =260 ##$$a 2008 $b Solo =300 ##$$a x,574, 21 cm =650 ##$$a Fiksi Sejarah =700 ##$$a Sukini =850 ##$$a NBPNMAT =990 ##$$a 0103/PN/2014